000 00453nam a2200181Ia 4500
008 230718s9999 xx 000 0 und d
041 _aeng
082 _a670
_bPAR
100 _aParr A.
_9146065
245 _aIndustrial Control Handbook
250 _a3rd ed.
260 _c2001
_bNewnes
300 _a802
_dRef 252 I (12510)
365 _cRs.
_b2750.00
500 _a252 I
700 _aParr A.
_9146065
906 _dB:106012-Mar-2001
_cINST
_b412.5
999 _c301304
_d301304